Central-Library-PUMHS

Online Public Access Catalogue

Welcome to PUMHS Central Library Nawabshah, SBA

Robbins and Cotons pathology VOL 1 (Record no. 32984)

000 -LEADER
fixed length control field 00291nam a22001337a 4500
082 ## - DEWEY DECIMAL CLASSIFICATION NUMBER
Classification number 616.07 KUM
100 ## - MAIN ENTRY--AUTHOR NAME
Personal name Kumar Viney (Acc.No 25593)
245 ## - TITLE STATEMENT
Title Robbins and Cotons pathology VOL 1
250 ## - EDITION STATEMENT
Edition statement 7th ed .
260 ## - PUBLICATION, DISTRIBUTION, ETC. (IMPRINT)
Year of publication 2004
300 ## - PHYSICAL DESCRIPTION
Number of Pages 1525
650 ## - SUBJECT ADDED ENTRY--TOPICAL TERM
Topical Term Pathology
942 ## - ADDED ENTRY ELEMENTS (KOHA)
Koha item type Books
Holdings
Withdrawn status Lost status Permanent Location Current Location Date acquired Source of acquisition Cost, normal purchase price Full call number Accession Number Koha item type
    Central Library Main Campus PUMHSW Nawabshah (SBA) Lending Section (PUMHS Central Library) 2019-10-18 AS/025 Date 21/3/2007 556.00 616.07 KUM 25593 Books

Copyright © 2018,The PUMHSW, Nawabshah, Shaheed Benazirabad. All rights reserved
Mr. Abdul Sattar Mahar (Chief Librarian) PUMHSW, Nawabshah, Sindh, Pakistan 67480.
Ph#: | 0244-9370425 Ext. 2241 Email| librarian@pumhs.edu.pk Web| http://www.pumhs.edu.pk
سنڌي ڪي بورڊ